000 00516nam a2200181Ia 4500
999 _c14042
_d14042
003 OSt
005 20201021104132.0
008 190216s9999||||xx |||||||||||||| ||und||
020 _a9780571191635
040 _coclc
082 _a821
_bSZY/V
100 _aSzymborska, Wislawa
_95480
245 0 _aView With A Grain Of Sand /
_cWislawa Szymborska
260 _bFaber And Faber ,
_c1993.
_aLondon:
300 _a214p
650 _aEnglish Poetry
942 _cBK
_2ddc
_h821
_iSZY/V
_k821
_mSZY/V